<?xml version="1.0" encoding="UTF-8"?>
<record
    xmlns:xsi="http://www.w3.org/2001/XMLSchema-instance"
    xsi:schemaLocation="http://www.loc.gov/MARC21/slim http://www.loc.gov/standards/marcxml/schema/MARC21slim.xsd"
    xmlns="http://www.loc.gov/MARC21/slim">

  <leader>01034pam a2200217 a 4500</leader>
  <controlfield tag="001">11201</controlfield>
  <controlfield tag="003">IN-BhIIT</controlfield>
  <controlfield tag="005">20251209160735.0</controlfield>
  <controlfield tag="008">840406t19841950cau           000 0 eng  </controlfield>
  <datafield tag="020" ind1=" " ind2=" ">
    <subfield code="a">9780141187396 (pbk.)</subfield>
  </datafield>
  <datafield tag="040" ind1=" " ind2=" ">
    <subfield code="a">IN-BhIIT</subfield>
  </datafield>
  <datafield tag="041" ind1=" " ind2=" ">
    <subfield code="a">eng</subfield>
  </datafield>
  <datafield tag="082" ind1="0" ind2="0">
    <subfield code="a">824</subfield>
    <subfield code="b">ORW/S</subfield>
  </datafield>
  <datafield tag="100" ind1="1" ind2=" ">
    <subfield code="a">Orwell, George</subfield>
    <subfield code="e">Author</subfield>
    <subfield code="9">2892</subfield>
  </datafield>
  <datafield tag="245" ind1="1" ind2="0">
    <subfield code="a">Shooting an elephant and other essays /</subfield>
    <subfield code="c">George Orwell.</subfield>
  </datafield>
  <datafield tag="260" ind1=" " ind2=" ">
    <subfield code="a">London  :</subfield>
    <subfield code="b">Penguin Classics,</subfield>
    <subfield code="c">1968.</subfield>
  </datafield>
  <datafield tag="300" ind1=" " ind2=" ">
    <subfield code="a">375 p. ;</subfield>
    <subfield code="b">ill. ;</subfield>
    <subfield code="c">21 cm.</subfield>
  </datafield>
  <datafield tag="520" ind1=" " ind2=" ">
    <subfield code="a">'It was a tiny incident in itself, but it gave me a better glimpse than I had had before of the real nature of imperialism - the real motives for which despotic governments act' Shooting an Elephant was the first piece of writing by George Orwell to be published by Penguin, in 1940. It is a searing and honest account of his experience as a police officer in imperial Burma: killing an escaped elephant in front of a crowd, solely to avoid looking like a fool.</subfield>
  </datafield>
  <datafield tag="650" ind1=" " ind2=" ">
    <subfield code="a">English Essays</subfield>
    <subfield code="9">26436</subfield>
  </datafield>
  <datafield tag="942" ind1=" " ind2=" ">
    <subfield code="c">GEN</subfield>
    <subfield code="0">1</subfield>
  </datafield>
  <datafield tag="999" ind1=" " ind2=" ">
    <subfield code="c">14863</subfield>
    <subfield code="d">14863</subfield>
  </datafield>
  <datafield tag="952" ind1=" " ind2=" ">
    <subfield code="0">0</subfield>
    <subfield code="1">0</subfield>
    <subfield code="2">ddc</subfield>
    <subfield code="4">0</subfield>
    <subfield code="7">0</subfield>
    <subfield code="8">GEN</subfield>
    <subfield code="a">CLIITBBS</subfield>
    <subfield code="b">CLIITBBS</subfield>
    <subfield code="d">2025-02-21</subfield>
    <subfield code="e">32</subfield>
    <subfield code="g">337.50</subfield>
    <subfield code="l">1</subfield>
    <subfield code="o">824 ORW/S</subfield>
    <subfield code="p">11201</subfield>
    <subfield code="r">2025-12-11 11:34:59</subfield>
    <subfield code="s">2025-12-09</subfield>
    <subfield code="v">450.00</subfield>
    <subfield code="w">2025-02-21</subfield>
    <subfield code="y">GEN</subfield>
  </datafield>
</record>
